[Event "Wellington CC Summer Cup"]
[Site "Wellington"]
[Date "2013.04.11"]
[Round "8"]
[White "List, Robert"]
[Black "Heaton, Ken"]
[Result "1/2-1/2"]
[WhiteElo "1626"]
[BlackElo "1653"]
[PlyCount "74"]
[EventDate "2013.02.07"]
[EventType "swiss"]
[EventRounds "8"]
[EventCountry "NZL"]
[SourceTitle "EXT 2018"]
[Source "ChessBase"]
[SourceDate "2017.10.13"]
[SourceVersion "1"]
[SourceVersionDate "2017.10.13"]
[SourceQuality "1"]

1. e4 e6 2. d4 d5 3. e5 c5 4. c3 Nc6 5. Nf3 Qb6 6. Bd3 Bd7 7. 0-0 cxd4 8. cxd4 Nxd4 9. Nbd2 Bc5 10. Nxd4 Bxd4 11. Nf3 Bc5 12. Ng5 Bb5 13. Bxb5+ Qxb5 14. b4 Bb6 15. Bd2 Ne7 16. a4 Qd7 17. a5 Bc7 18. f4 h6 19. Qh5 Ng6 20. Nf3 0-0 21. g4 Qe8 22. g5 Bd8 23. gxh6 f5 24. hxg7 Kxg7 25. Qh3 Rh8 26. Qg2 Kf7 27. Kh1 Nh4 28. Ng5+ Bxg5 29. Qxg5 Qe7 30. Qxe7+ Kxe7 31. Be3 Rhg8 32. Rf2 a6 33. Bc5+ Kd7 34. Rg1 Kc6 35. Rc1 Kd7 36. Rg1 Kc6 37. Rc1 Kd7 1/2-1/2